<?xml version="1.0" encoding="UTF-8"?><?xml-stylesheet type="text/xsl" href="static/style.xsl"?><OAI-PMH xmlns="http://www.openarchives.org/OAI/2.0/" xmlns:xsi="http://www.w3.org/2001/XMLSchema-instance" xsi:schemaLocation="http://www.openarchives.org/OAI/2.0/ http://www.openarchives.org/OAI/2.0/OAI-PMH.xsd"><responseDate>2026-04-17T03:20:03Z</responseDate><request verb="GetRecord" identifier="oai:www.recercat.cat:10459.1/72612" metadataPrefix="marc">https://recercat.cat/oai/request</request><GetRecord><record><header><identifier>oai:recercat.cat:10459.1/72612</identifier><datestamp>2024-12-05T22:46:23Z</datestamp><setSpec>com_2072_3622</setSpec><setSpec>col_2072_479130</setSpec></header><metadata><record xmlns="http://www.loc.gov/MARC21/slim" xmlns:dcterms="http://purl.org/dc/terms/" xmlns:xsi="http://www.w3.org/2001/XMLSchema-instance" xmlns:doc="http://www.lyncode.com/xoai" xsi:schemaLocation="http://www.loc.gov/MARC21/slim http://www.loc.gov/standards/marcxml/schema/MARC21slim.xsd">
   <leader>00925njm 22002777a 4500</leader>
   <datafield ind2=" " ind1=" " tag="042">
      <subfield code="a">dc</subfield>
   </datafield>
   <datafield ind2=" " ind1=" " tag="720">
      <subfield code="a">Carrera Baiget, Aitor</subfield>
      <subfield code="e">author</subfield>
   </datafield>
   <datafield ind2=" " ind1=" " tag="260">
      <subfield code="c">2021-12-21T13:55:02Z</subfield>
   </datafield>
   <datafield ind2=" " ind1=" " tag="260">
      <subfield code="c">2021-12-21T13:55:02Z</subfield>
   </datafield>
   <datafield ind2=" " ind1=" " tag="260">
      <subfield code="c">2017-12-27</subfield>
   </datafield>
   <datafield ind2=" " ind1=" " tag="260">
      <subfield code="c">2021-12-21T13:55:02Z</subfield>
   </datafield>
   <datafield ind2=" " ind1=" " tag="520">
      <subfield code="a">Aquest article vol aportar i sistematitzar informacions referides a la forma occitana ièrla (que és un resultat fonèticament interessant del llatí INSULA i que s’utilitza per designar terrenys d’al·luvió o, en tot cas, situats al costat de l’aigua), i també a d’altres descendents del llatí INSULA, amb aplicacions toponímiques similars en el domini occità, i especialment en la zona oriental del Pirineu gascó −sobretot a la Vall d’Aran i al Comenge. El treball considera també els fets fonètics que donen compte de l’especial fesomia d’aquest vocable occità, en relació amb les petites variacions articulatòries locals que es produeixen a la Vall d’Aran i els pobles immediats del departament de l’Alta Garona.</subfield>
   </datafield>
   <datafield ind2=" " ind1=" " tag="520">
      <subfield code="a">This article seeks to provide a systematic review of references to the Occitan form ièrla (a phonetically interesting derivation of the Latin word INSULA and which is used to refer to alluvial plains or lands located near water), as well as that of other derivatives of the Latin word INSULA, with similar toponymic uses in the Occitan-language domain, above all in the eastern part of the Gascon Pyrenees - especially in the Val d'Aran and the Comenge. The study also considers the phonetic transformations that account for the unusual physiognomy of this Occitan word, above all in relation to the small local articulatory variations that are recorded in the Val d'Aran and the nearby villages of the département of Haute-Garonne.</subfield>
   </datafield>
   <datafield ind1="8" ind2=" " tag="024">
      <subfield code="a">http://hdl.handle.net/10459.1/72612</subfield>
   </datafield>
   <datafield tag="653" ind2=" " ind1=" ">
      <subfield code="a">occità</subfield>
   </datafield>
   <datafield tag="653" ind2=" " ind1=" ">
      <subfield code="a">Toponímia</subfield>
   </datafield>
   <datafield tag="653" ind2=" " ind1=" ">
      <subfield code="a">Aranès</subfield>
   </datafield>
   <datafield tag="653" ind2=" " ind1=" ">
      <subfield code="a">Gascó</subfield>
   </datafield>
   <datafield tag="653" ind2=" " ind1=" ">
      <subfield code="a">Lingüística romànica</subfield>
   </datafield>
   <datafield ind2="0" ind1="0" tag="245">
      <subfield code="a">INSULA > occitan ièrla. Un mot corrent ena toponimia dera nauta arribèra de Garona</subfield>
   </datafield>
   <datafield ind2="0" ind1="0" tag="245">
      <subfield code="a">INSULA > ièrla occitan. A common occurrence in the toponymy of the upper course of the Garonne</subfield>
   </datafield>
</record></metadata></record></GetRecord></OAI-PMH>